Представление документа в формате RUSMARC

ПолеНазваниеЗначение
  Тип записи a
  Библиографический уровень a
001 Контрольный номер RU/CBS_UL/BASE/595176060
005 Дата корректировки 20240209175231.6
100 Данные общей обработки __
a Данные общей обработки 20181110d2018 ||| 0rusy0189 ca
101 Язык документа 0_
a Язык текста rus
102 Страна публикации __
a Страна публикации RU
105 Кодированные данные (монография) __
a Кодированные данные (монография) y###||||000|y
200 Заглавие и сведения об ответственности 1_
a Заглавие "Печка-матушка, спрячь меня..."
b Общее обозначение материала Текст
e Сведения, относящиеся к заглавию [об устройстве русской печи и технологиях приготовления в ней пищи]
f Первые сведения об ответственности Е. Зайцева
300 Общие примечания __
a Общие примечания Содерж.: Счастье придёт - и на печи найдёт; Что есть в печи, всё на стол мечи
300 Общие примечания __
a Общие примечания Ограничения по возрасту - 12+
320 Библиография __
a Библиография Библиогр.: с. 93
461 Уровень набора _0
1 2000
a Родина
463 Уровень физической единицы _0
1 001RU/CBS_UL/BASE/583163823
1 2000
a № 5
v С. 90-93 : ил., фот.
1 210
d 2017
606 Тематические рубрики 0_
a Основная рубрика Русские печи
610 Ключевые слова 0_
a Ключевые слова печи
a Ключевые слова печки
a Ключевые слова печки руские
a Ключевые слова русские печки
a Ключевые слова изразцовые печи
a Ключевые слова чугунные печи
a Ключевые слова устройство печей
a Ключевые слова печники
a Ключевые слова технологии приготовления
a Ключевые слова рецепты
a Ключевые слова рецепты кулинарные
a Ключевые слова тыква пареная
a Ключевые слова лепешки
a Ключевые слова рулет из свинины по-деревенски
a Ключевые слова слоёная картофельная запеканка
a Ключевые слова варенец по-деревенски
a Ключевые слова повседневная жизнь
a Ключевые слова пословицы о печи
686 Индексы других классификаций __
a Классификационный индекс 63.5(2Рос)
2 Код системы ББК
700 Автор _1
a Фамилия Зайцева
b Имя (инициалы) Е.
801 Источник записи _0
a Страна RU
b Организация МБУК ЦБС г. Ульяновска
c Дата составления 20181110
g Правила каталогизации RCR
801 Источник записи _1
a Страна RU
b Организация МБУК ЦБС г. Ульяновска
c Дата составления 20181110
g Правила каталогизации RCR
901 Тип документа __
t Тип документа b
w Контрольный № источника RU/CBS_UL/BASE/583163823
910 Корректоры записи __
a Корректор записи Библиотека 1
938 Служебная информация __
a Имя БД period